000 00437nam a22001577a 4500
005 20180302093443.0
008 180302b xxu||||| |||| 00| 0 eng d
040 _aLB-BrCRDP
082 _a371.207 C524m
100 _aJ.D Chesswas
245 _aMethodologies of educational planning for development countries
260 _aParis
_bUnited Nations-Unesco-IIEP
_c1969
300 _a105p
_c21cm
490 _aTest
_xvol 1
942 _2ddc
_cBK
999 _c18817
_d18817